000 00582nam a2200181Ia 4500
008 090630s9999 xx 000 0 und d
082 _b13705
100 _aभसे पोपटराव.
245 _aप्रतिक्षा.
_cभसे पोपटराव.
260 _bशांती - पुणे.
_c1995
300 _a200
600 _aभसे पोपटराव.
630 _aप्रतिक्षा.
655 _aकादंबरी.
700 _aभसे पोपटराव.
730 _aप्रतिक्षा.
942 _cBOOK
999 _c265561
_d265561